Oracle Information integration, migration, and consolidation (Record no. 241716)
[ view plain ]
| 000 -LEADER | |
|---|---|
| fixed length control field | 01505nam a2200337 a 4500 |
| 100 1# - MAIN ENTRY--AUTHOR NAME | |
| Personal name | Williamson, Jason. |
| 245 10 - TITLE STATEMENT | |
| Title | Oracle Information integration, migration, and consolidation |
| 260 ## - PUBLICATION, DISTRIBUTION, ETC. (IMPRINT) | |
| Place of publication | Birmingham [U.K.] : |
| Name of publisher | Packt Pub. Ltd., |
| Year of publication | 2011. |
| 300 ## - PHYSICAL DESCRIPTION | |
| Number of Pages | vii, 305 p. : |
| Other physical details | ill. (some col.) |
| 500 ## - GENERAL NOTE | |
| General note | "Professional expertise distilled"--Cover. |
| General note | Includes index. |
| 650 #0 - SUBJECT ADDED ENTRY--TOPICAL TERM | |
| Topical Term | Data mining. |
| Topical Term | Data warehousing. |
| 700 1# - ADDED ENTRY--PERSONAL NAME | |
| Personal name | Laszewski, Tom. |
| Personal name | Nauduri, Prakash. |
| 856 40 - ELECTRONIC LOCATION AND ACCESS | |
| Uniform Resource Identifier | http://site.ebrary.com/lib/rucke/Doc?id=10500142 |
No items available.
